Možnosti typologizácie beletrie na internete

Bibliographic Details
Main Author: Kriššák, Erik (Author)
Format: Article
Language:Slovak
PhysicalDescription:Tab.
ISSN:1335-7026
Subjects:
Online Access:http://www.snk.sk/images/snk/casopis_kniznica/2005/april/09.pdf

MARC

LEADER 00000nab a2200000 a 4500
001 vtls008293868
003 SK-MaSNL
005 20260304140118.0
008 250505c2005 xo mr|p|||||||000 b|slo
015 |a SNBRB2005/08  |2 snkbucl 
035 |a (uuid)377570bf-5d9e-4641-850e-68cd7a335ab6 
035 |a urn:nbn:sk:snk-abbyyc 
035 |a (urnnbn)urn:nbn:sk:snk:ar-000o6c 
038 |a SNKBUCL 
040 |a SNKBUCL  |b slo  |c SNKBUCL  |e AACR2 
041 0 |a slo 
044 |a xo  |c SK 
080 |a 82.0  |2 1997 
080 |a 004.738.5  |2 1997 
100 1 |a Kriššák, Erik  |4 aut  |9 410389 
245 1 0 |a Možnosti typologizácie beletrie na internete  |c Erik Kriššák 
300 |b Tab. 
504 |a Bibliogr. odkazy 
650 0 7 |a umelecká literatúra  |2 snkbucl  |9 1488 
650 0 7 |a typologizácia  |2 snkbucl  |9 1303085 
650 0 7 |a internet  |2 snkbucl  |9 1833 
773 0 |t Knižnica  |g Roč. 6, č. 4 (2005), s. 9-13  |x 1335-7026 
850 |a Slovenská národná knižnica 
852 |a Slovenská národná knižnica 
856 4 1 |u http://www.snk.sk/images/snk/casopis_kniznica/2005/april/09.pdf 
954 |a odborná, vedecká literatúra pôvodná (slovenská)  |2 lita 
958 |a article15 
958 |a OND 
958 |a NB 
958 |a LX 
958 |a KL 
958 |a EUIPO 
999 |c 2913698  |d 2915628